Thematic list of descriptors, Liste thematique des discripteurs, anthropology / anthropologie /
Αποθηκεύτηκε σε:
| Συλλογικό Έργο: | , |
|---|---|
| Μορφή: | Βιβλίο |
| Γλώσσα: | English French |
| Δημοσίευση: |
London and New York :
Routledge,
1989.
|
| Σειρά: | International bibliography of the social sciences
Publications of the ICSSD |
| Θέματα: | |
| Ετικέτες: |
Προσθήκη ετικέτας
Δεν υπάρχουν, Καταχωρήστε ετικέτα πρώτοι!
|
MARC
| LEADER | 00000cam a2200000 i 4500 | ||
|---|---|---|---|
| 001 | 1/40496 | ||
| 008 | 030912s1989####enk| | ||| |||| ||eng|| | ||
| 020 | |a 0-415-01776-9 | ||
| 035 | |l 10070818 | ||
| 040 | |a GR-MY-UA |b gre |e aacr | ||
| 041 | 0 | |a eng |a fre | |
| 082 | 0 | |a 016.306 |2 (20) | |
| 110 | 2 | |a Unesco. | |
| 245 | 1 | 0 | |a Thematic list of descriptors, |p anthropology / |b Liste thematique des discripteurs, |c prepared on the behalf of UNESCO by the International Committee for Social Science Information and Documentation = |p anthropologie / |c etablie pour le compte de l'UNESCO par le Comete international pour l'information et la documentation en science scociales. |
| 246 | 1 | |i Παράλληλος τίτλος: |a Liste thematique des descripeurs : |b anthropologie | |
| 260 | |a London and New York : |b Routledge, |c 1989. | ||
| 300 | |a xix, 522 σ. ; |c 25 εκ. | ||
| 490 | 1 | |a International bibliography of the social sciences = Bibliographie internationale des sciences sociales | |
| 490 | 1 | |a Publications of the ICSSD = Publications du CIDSS | |
| 504 | |a Θεματική ευρετηρίαση του περιοδικού: International bibliography of social and cultural anthropology. | ||
| 650 | 0 | 0 | |a Subject headings |x Anthropology. |
| 710 | 2 | |a International Committe for Social Science Information and Documentation. | |
| 830 | 0 | |a International bibliography of the social sciences | |
| 830 | 0 | |a Publications of the ICSSD | |
| 852 | |a INST |b LESVOS |e 20030912 |h 016.306 THE |p 005100026597 |q 005100026597 |t REF |y 23 | ||
| 901 | |a BIBL1-2003-3 | ||
| 909 | |a Λ |b 106075 | ||
| 970 | |a ΤΖΑΦΕΡΗ |b ΕΥΑΓΓΕΛΙΑ |z 2003/09/12 | ||